Zgadnij państwo po odręcznie narysowanej fladze #1 - Statystyki

Ogólne statystyki
  • Ten quiz został rozwiązany 7 razy
  • Średni wynik to 28 z 32
Statystyki odpowiedzi
Obrazkowy Odpowiedź % Poprawnych
Algieria
100%
Australia
100%
Bhutan
100%
Brazylia
100%
Islandia
100%
Japonia
100%
Kanada
100%
Laos
100%
Mongolia
100%
Nowa Zelandia
100%
Wietnam
100%
Albania
83%
Armenia
83%
Azerbejdżan
83%
Botswana
83%
Gruzja
83%
Kambodża
83%
Kazachstan
83%
Kirgistan
83%
Macedonia Północna
83%
Madagaskar
83%
Nepal
83%
Sri Lanka
83%
Surinam
83%
Tadżykistan
83%
Tunezja
83%
Urugwaj
83%
Gujana
67%
Lesotho
67%
Namibia
67%
Palau
67%
Timor Wschodni
67%
Nie znaleziono quizów pasujących do podanych kryteriów
Rozkład punktacji
Procent ludzi z każdym wynikiem
Percentyl według liczby udzielonych odpowiedzi
Twoja historia wyników
Nie rozwiązałeś tego quizu